| 000 -LEADER |
| fixed length control field |
00447nam a22001457a 4500 |
| 008 - FIXED-LENGTH DATA ELEMENTS--GENERAL INFORMATION |
| fixed length control field |
200312b ||||| |||| 00| 0 eng d |
| 020 ## - INTERNATIONAL STANDARD BOOK NUMBER |
| International Standard Book Number |
9788131700907 |
| 100 ## - MAIN ENTRY--PERSONAL NAME |
| 9 (RLIN) |
1599 |
| Personal name |
Shackelford, James F. |
| 245 10 - TITLE STATEMENT |
| Title |
Introduction to material science for engineers |
| 250 ## - EDITION STATEMENT |
| Edition statement |
6th ed. |
| 260 ## - PUBLICATION, DISTRIBUTION, ETC. (IMPRINT) |
| Place of publication, distribution, etc |
New Delhi: |
| Name of publisher, distributor, etc |
Pearson Education, |
| Date of publication, distribution, etc |
2010. |
| 300 ## - PHYSICAL DESCRIPTION |
| Extent |
xvii,776p. |
| 650 #0 - SUBJECT ADDED ENTRY--TOPICAL TERM |
| Topical term or geographic name as entry element |
Materials Science |
| 942 ## - ADDED ENTRY ELEMENTS (KOHA) |
| Item type |
Books |